Investigación Comercial/ (Registro nro. 10332)
[ vista simple ]
| 000 -LEADER | |
|---|---|
| fixed length control field | 01232nam a2200193Ia 4500 |
| 005 - FECHA Y HORA DE LA ÚLTIMA TRANSACCIÓN | |
| control field | 20241223112506.0 |
| 008 - FIXED-LENGTH DATA ELEMENTS--GENERAL INFORMATION | |
| fixed length control field | 240108s9999 xx 000 0 und d |
| 020 ## - INTERNATIONAL STANDARD BOOK NUMBER | |
| International Standard Book Number | 978-607-538-645-4 |
| 040 ## - CATALOGING SOURCE | |
| Original cataloging agency | UPAN |
| Transcribing agency | Biblioteca San Vicente |
| Description conventions | RCAA2 |
| 041 ## - LANGUAGE CODE | |
| Language code of text/sound track or separate title | spa |
| 082 ## - DEWEY DECIMAL CLASSIFICATION NUMBER | |
| Classification number | 658.83 |
| Item number | L864i |
| año de publicación | 2019 |
| 100 ## - MAIN ENTRY--PERSONAL NAME | |
| Personal name | López Ortuño, Esperanza |
| Relator code | aut. |
| 245 #0 - TITLE STATEMENT | |
| Title | Investigación Comercial/ |
| Remainder of title | Esperanza López Ortuño |
| 260 ## - PUBLICATION, DISTRIBUTION, ETC. (IMPRINT) | |
| Place of publication, distribution, etc | México: |
| Name of publisher, distributor, etc | Alfaomega, |
| Date of publication, distribution, etc | 2019 |
| 300 ## - PHYSICAL DESCRIPTION | |
| Extent | 220 p.; |
| Dimensions | 28 cm. |
| 505 ## - FORMATTED CONTENTS NOTE | |
| Formatted contents note | Unidad 1: Introducción a la estadística. <br/>Unidad 2: Regresión lineal. Números índices. <br/>Unidad 3: Análisis del mercado. <br/>Unidad 4: El comportamiento del consumidor. <br/>Unidad 5: Segmentación de mercados. <br/>Unidad 6: La necesidad de información. <br/>Unidad 7: La investigación comercial. <br/>Unidad 8: Métodos y técnicas de obtención de la información secundaria. <br/>Unidad 9: La información primaria. Técnicas de investigación cualitativas. <br/>Unidad 10: La información primaria. Técnicas de investigación cuantitativas. El muestreo. <br/>Unidad 11: El cuestionario. Tratamiento de los datos y presentación de resultados. <br/>Unidad 12: Bases de datos. |
| 650 ## - SUBJECT ADDED ENTRY--TOPICAL TERM | |
| Source of heading or term | LEMB |
| Topical term or geographic name as entry element | Investigación de mercados |
| 9 (RLIN) | 3 |
| 942 ## - ADDED ENTRY ELEMENTS (KOHA) | |
| Koha item type | Libros |
| Source of classification or shelving scheme | Dewey Decimal Classification |
| Withdrawn status | Lost status | Source of classification or shelving scheme | Damaged status | Not for loan | Collection code | Home library | Current library | Date acquired | Total Checkouts | Full call number | Barcode | Date last seen | Copy number | Price effective from | Koha item type |
|---|---|---|---|---|---|---|---|---|---|---|---|---|---|---|---|
| Dewey Decimal Classification | Colección General | Biblioteca UPAN San Vicente | Biblioteca UPAN San Vicente | 08/01/2024 | 658.83 L864i | 12004454 | 08/01/2024 | 01 | 08/01/2024 | Libros | |||||
| Dewey Decimal Classification | Colección General | Biblioteca UPAN San Vicente | Biblioteca UPAN San Vicente | 08/01/2024 | 658.83 L864i | 12004453 | 08/01/2024 | 02 | 08/01/2024 | Libros | |||||
| Dewey Decimal Classification | Colección General | Biblioteca UPAN San Vicente | Biblioteca UPAN San Vicente | 08/01/2024 | 658.83 L864i | 12004452 | 08/01/2024 | 02 | 08/01/2024 | Libros |